1540 1415 1822 1474 1048 1036 1903 1160 1369 1606 1948 1861 1866 1224 1084 1460 1035 1139 1929 1526 1878 1372 1540 1906 1096 1943 1749 1241 1246 1038 1993 1955 1374 1884 1708 1279 1973 1366 1183 1422 1783 1324 1167 1147 1030 1745 1685 1050 1793 1361 1345 1085 1291 1831 1723 1755 1617 1038 1643 1198 1371 1697 1641 1114 1683 1934 1115 1346 1471 1881 1429 1699 1713 1831 1923 1029 1972 1350 1474 1046 1940 1184 2000 1461 1707 1664 1977 1181 1100 1045 1040 1317 1802 1624 1132 1433 1651 1126 1146 BCNSPRNW ULIB Ver.6.0+V

เปลี่ยนเป็นภาษาไทย

Change to English
 แสดงรายละเอียดบรรณานุกรม
  กลับหน้าหลัก

Brief Record : Get Marc (ISO 2709) : E-mail record : QR code < ปิดหน้าต่าง
LEADER : 00000nam 2200000uu 4500
001    13399120706
003     ULIB
008    121005s2545||||th 000 0 tha d
020    ^a9740300758
060 04 ^aWS420^bพ741ก 2545
100 0  ^aพิมลรัตน์ ไทยธรรมยานนท์
245 10 ^aการดูแลทารกแรกเกิด /^cพิมลรัตน์ ไทยธรรมยานนท์
250    ^aพิมพ์ครั้งที่ 2
260    ^aกรุงเทพฯ :^bภาควิชากุมารเวชศาสตร์ คณะแพทยศาสตร์จุฬาลงกรณ์มหาวิทยาลัย,^c2545
300    ^a209 หน้า ;^c26 ซม.
504    ^aดรรชนี
650  2 ^aNeonatology
650  2 ^aInfant, Newborn
650  2 ^aInfant Care
650  7 ^aทารก, การดูแล
650  7 ^aทารกแรกเกิด
710 2  ^aจุฬาลงกรณ์มหาวิทยาลัย. ^bคณะแพทยศาสตร์.^bภาควิชากุมารเวชศาสตร์
945    ^p300^l0^i12097
995    ^aทศพร
999    ^aทศพร เกษรทอง
รายการนี้ยังไม่มีแท็ก
คุณยังไม่ได้ล็อกอิน คุณสามารถมีกิจกรรมร่วมกับเว็บไซต์ได้ แต่ต้องล็อกอินก่อน ::
  ล็อกอิน

รายการสื่อสารสนเทศ

ลำดับที่ ประเภท เลขเรียก/บาร์โค้ด สถานที่ สถานะ
1. วิทยาศาสตร์การแพทย์ และสุขภาพ
วิทยาศาสตร์การแพทย์ และสุขภาพ
WS420 พ741ก 2545 ฉ.5 
  Barcode: 12097
ห้องสมุดวิทยาเขตสวรรค์ประชารักษ์
►หนังสือทั่วไป
บนชั้น

รายการใกล้เคียง
    ผู้แต่ง [พิมลรัตน์ ไทยธรรมยานนท์]

    หัวเรื่อง [Neonatology]
    หัวเรื่อง [Infant, Newborn]
    หัวเรื่อง [Infant Care]
    หัวเรื่อง [ทารก, การดูแล]
    หัวเรื่อง [ทารกแรกเกิด]

BibComment


ยังไม่เคยถูกคอมเมนท์

คอมเมนท์ทรัพยากรรายการนี้
  คอมเมนท์: การดูแลทารกแรกเก..


 Copyright 2026. Bcnsprnw @Library